| 000 | 00665nam a2200241Ia 4500 | ||
|---|---|---|---|
| 005 | 20250425162442.0 | ||
| 008 | 250425s9999 xx 000 0 und d | ||
| 020 | _a9789675148323 | ||
| 041 | _aeng | ||
| 043 | _acc | ||
| 082 | _a338.951 | ||
| 100 | _aINSTITUTE, OF CHINA STUDIES | ||
| 245 | 0 | _aREGIONAL POLTICIAL ECONOMY OF CHINA ASCENDANT: PIVOTAL ISSUES AND CRITICAL PERSPECTIVES | |
| 250 | _a1A ED. | ||
| 260 |
_aChina _bINSTITUTE OF CHINA STUDIES. UNIVERSITY OF MALAYSIA _c2009 |
||
| 260 | _aS.L. | ||
| 300 | _a308 | ||
| 650 | _aCHINA | ||
| 650 | _aPOLITICA ECONOMICA | ||
| 710 | _aINSTITUTE OF CHINA STUDIES | ||
| 942 | _c01 | ||
| 010 | _a74942 | ||
| 999 |
_c229520 _d229520 |
||